000
00313nam a22001337a 4500
008
180810b xxu||||| |||| 00| 0 eng d
020
_a
9780471588276
041
_a
eng
080
_a
615.9
100
_a
7
101
_a
PED
245
_a
TRANSCATHETER THERAPY PEDIATRIC CARDIOLOGY
_c
RAO.P.S
942
_2
udc
_c
BK
999
_c
46998
_d
46998